000 00256nam a2200097Ia 4500
001 705448
005 20250826162430.0
008 250824s9999 xx 000 0 und d
245 0 _aOKUMAK YAZMAK VE YAŞAMAK ÜZERİNE
_cSCHOPENHAUER
260 _bŞULE YAYINLARI
999 _c705448
_d705448